| 000 | 00923cam a2200217 4500 | ||
|---|---|---|---|
| 001 | L129916 | ||
| 008 | 050603n2005 000 0 eng u | ||
| 020 | _a0750664738 | ||
| 035 | _a(Sirsi) u129916 | ||
| 041 | _aeng | ||
| 050 |
_a657.3 _c18 |
||
| 100 | _aKirk, Robert | ||
| 245 | _aInternational financial reporting standards in depth | ||
| 260 |
_aOxford _bElsevier Ltd _c2005 |
||
| 300 |
_a2v. (xiv, 384; 159p.) _c24cm. |
||
| 350 | _a35.00 | ||
| 520 | _aA two volume set. Volume one contains: summary of relevant international accounting standards; proposed changes contained within exposure drafts; and questions illustrating how the international standards are used in practice and accountancy exams. Volume two contains the solutions to the questions posed in volume one. | ||
| 590 | _aIKA160805 | ||
| 690 | _aMANAGEMENT-BUSINESS MANAGEMENT-FINANCIAL MANAGEMENT-ACCOUNTING-FINANCIAL REPORTING | ||
| 942 | _n0 | ||
| 999 |
_c104307 _d104307 |
||